[Event "BL2 Sued 1112 (Women)"]
[Site "Germany"]
[Date "2012.02.11"]
[Round "6.4"]
[White "Leinenbach, Janine"]
[Black "Zimmer, Ketsarrin"]
[Result "1/2-1/2"]
[WhiteElo "1707"]
[BlackElo "1767"]
[PlyCount "97"]
[EventDate "2011.10.29"]
[EventType "team-tourn"]
[EventRounds "7"]
[EventCountry "GER"]
[SourceTitle "EXT 2013"]
[Source "ChessBase"]
[SourceDate "2012.11.22"]
[SourceVersion "1"]
[SourceVersionDate "2012.11.22"]
[SourceQuality "1"]
[WhiteTeam "Differten (W)"]
[BlackTeam "Mainz Orient (W)"]
[WhiteTeamCountry "GER"]
[BlackTeamCountry "GER"]

1. c4 c5 2. Nc3 Nc6 3. g3 g6 4. Bg2 Bg7 5. d3 Nf6 6. e3 d6 7. Nge2 Bd7 8. a3 Qc8 9. Nf4 e5 10. Nfd5 Nxd5 11. Nxd5 Ne7 12. Nxe7 Kxe7 13. e4 Bh3 14. Bf3 h5 15. Bd2 Bf6 16. Rg1 Qd7 17. a4 a6 18. Be2 g5 19. Qc1 g4 20. Kd1 Bg7 21. Kc2 f5 22. f3 fxe4 23. fxe4 Qe6 24. Bf1 Bxf1 25. Rxf1 Rhf8 26. Bg5+ Bf6 27. Rf5 Rf7 28. Bxf6+ Rxf6 29. Rxh5 Raf8 30. Qg5 Kd7 31. Rd1 Kc6 32. Qe3 Rf3 33. Qe1 b6 34. Kc3 Qg6 35. Rf5 R8xf5 36. exf5 Qxf5 37. Kc2 d5 38. cxd5+ Kxd5 39. Qc3 Qh7 40. Qc4+ Kd6 41. Rd2 Qf5 42. b3 Rf1 43. Qc3 Qf3 44. Qc4 Qh1 45. Kc3 Rc1+ 46. Rc2 Qe1+ 47. Kb2 Rb1+ 48. Ka2 Ra1+ 49. Kb2 1/2-1/2

[Event "BL2 Sued 1011 (Women)"]
[Site "Germany"]
[Date "2011.02.20"]
[Round "7.4"]
[White "Zimmer, Ketsarrin"]
[Black "Spiel, Marianne"]
[Result "1/2-1/2"]
[WhiteElo "1736"]
[BlackElo "2030"]
[PlyCount "49"]
[EventDate "2010.11.06"]
[EventType "team-tourn"]
[EventRounds "7"]
[EventCountry "GER"]
[SourceTitle "EXT 2012"]
[Source "ChessBase"]
[SourceDate "2011.11.24"]
[SourceVersion "1"]
[SourceVersionDate "2011.11.24"]
[SourceQuality "1"]
[WhiteTeam "Mainz Orient (W)"]
[BlackTeam "Bayern Muenchen (W)"]
[WhiteTeamCountry "GER"]
[BlackTeamCountry "GER"]

1. e4 e6 2. d4 d5 3. e5 c5 4. c3 Nc6 5. Nf3 cxd4 6. cxd4 f6 7. Bb5 Bd7 8. Nc3 Bb4 9. 0-0 Bxc3 10. bxc3 fxe5 11. Bxc6 Bxc6 12. Nxe5 Nf6 13. Ba3 Qc7 14. Qe2 0-0-0 15. Rfe1 Kb8 16. Rac1 Rhe8 17. c4 Qa5 18. Nxc6+ bxc6 19. Qb2+ Ka8 20. cxd5 exd5 21. Rxe8 Rxe8 22. h3 Re1+ 23. Rxe1 Qxe1+ 24. Kh2 Ne4 25. Qc2 1/2-1/2

[Event "GER-ch U18 Girls"]
[Site "Willingen"]
[Date "2009.06.03"]
[Round "6"]
[White "Stroessner, Lena"]
[Black "Zimmer, Ketsarrin"]
[Result "1-0"]
[WhiteElo "1989"]
[BlackElo "1710"]
[PlyCount "67"]
[EventDate "2009.05.30"]
[EventType "swiss"]
[EventRounds "9"]
[EventCountry "GER"]
[SourceTitle "CBM 130 Extra"]
[Source "ChessBase"]
[SourceDate "2009.07.02"]
[SourceVersion "2"]
[SourceVersionDate "2009.07.15"]
[SourceQuality "1"]

1. Nf3 d5 2. d4 c6 3. g3 Bf5 4. Bg2 Nd7 5. 0-0 e6 6. Nbd2 Ngf6 7. c4 Bd6 8. Re1 0-0 9. Nh4 Bg6 10. Nxg6 fxg6 11. e4 Bb4 12. cxd5 cxd5 13. exd5 Bxd2 14. Bxd2 exd5 15. Qb3 Nb6 16. Bb4 Rf7 17. Re2 Qd7 18. Rae1 h5 19. Bc5 Nc4 20. Qc2 b6 21. Be7 g5 22. b3 Na5 23. Qg6 Ne4 24. Bxe4 dxe4 25. Rxe4 Nc6 26. Bxg5 Nxd4 27. Kg2 Raf8 28. Bf4 Nc2 29. R1e2 Qd3 30. Qxh5 Rf5 31. Qg6 R5f6 32. Qg4 Nd4 33. R2e3 Qd2 34. Qd7 1-0

[Event "RLP-ch MTB 26th"]
[Site "Ludwigshafen"]
[Date "2007.07.14"]
[Round "2"]
[White "Zimmer, Ketsarrin"]
[Black "Van Leyen, Peter"]
[Result "1/2-1/2"]
[WhiteElo "1675"]
[BlackElo "1523"]
[PlyCount "93"]
[EventDate "2007.07.13"]
[EventType "swiss"]
[EventRounds "7"]
[EventCountry "GER"]
[SourceTitle "EXT 2009"]
[Source "ChessBase"]
[SourceDate "2008.11.26"]
[SourceVersion "1"]
[SourceVersionDate "2008.11.26"]
[SourceQuality "1"]

1. e4 c6 2. d4 d5 3. exd5 cxd5 4. Nc3 Nf6 5. Nf3 g6 6. Be2 Bg7 7. 0-0 0-0 8. h3 b6 9. Be3 Ba6 10. Bxa6 Nxa6 11. Qd2 Re8 12. Rfe1 Nc7 13. Bf4 Rc8 14. Re2 a6 15. Rae1 b5 16. Ne5 Ne6 17. Bh2 Qb6 18. Nf3 Rc4 19. b3 Rcc8 20. Nb1 b4 21. a3 a5 22. axb4 axb4 23. Be5 Ne4 24. Qd1 Bxe5 25. dxe5 Red8 26. Qc1 Ng3 27. Rd2 Nf5 28. Qd1 Rc5 29. Kh2 Nf8 30. g4 Ng7 31. Nd4 e6 32. Ne2 Rdc8 33. c4 dxc4 34. bxc4 Rxc4 35. Kg2 Qc6+ 36. Kg1 Qf3 37. Rd3 Qc6 38. Nd4 Qb6 39. Nb3 Rc2 40. Ree3 h5 41. Rd6 Qc7 42. N1d2 Rc3 43. Qe1 Nd7 44. Ne4 Rxe3 45. Qxe3 Ne8 46. Qh6 Nxe5 47. gxh5 1/2-1/2